000 00883cam a22002657a 4500
003 CHAP
005 20220329134149.0
008 971013s r 00010 d
010 _a16381
011 _a17353
035 _a21436
040 _cCHAP
100 0 0 _aGuzmán Huerta, Gastón.
_951965
245 0 _aNueva especie de psilocybe de la sección Caerulescentes de los bosques de coníferas de México
500 _aSobretiro de : Anales de la Escuela Nacional de Ciencias Biológicas 17:9-16, 1970
590 _aBATCH-UPD
_b10
_c20130110
_lUCH01
_h2253
590 _aBATCH-UPD
_b10
_c20130410
_lUCH01
_h1547
590 _aBATCH-UPD
_b10
_c20130914
_lUCH01
_h1034
590 _aCONVERSION
_b10
_c20130109
_lUCH01
_h1310
650 1 4 _aConíferas
_xEnfermedades.
_927240
650 1 4 _aPsilocybe.
_992628
901 _aBK
942 _cREIMP
949 _bBC
_cR
_d-49968
_eTS1
_i21436
_si
999 _c16381
_d16381